Výberové konania učiteľov vysokých škôl – procesné detaily

Proces uplatňovania vnútorného predpisu VŠ v praxi, ktorý upravuje zásady výberového konania na obsadzovanie pracovných miest VŠ učiteľov. Poskytnutie legislatívneho námetu na skvalitnenie dotknutej právnej úpravy tak, aby prispela ku vyváženosti subjektívnych práv oboch zmluvných partnerov právneho...

Ausführliche Beschreibung

Gespeichert in:
Bibliographische Detailangaben
1. Verfasser: Barinková, Milena
Format: Buchkapitel
Sprache:Slowakisch
Schlagworte:
Tags: Tag hinzufügen
Keine Tags, Fügen Sie das erste Tag hinzu!

MARC

LEADER 00000naa a2200000 4500
001 0281928
005 20220217094312.8
041 0 |a slo 
044 |a SK 
245 1 0 |a Výberové konania učiteľov vysokých škôl – procesné detaily  |c Milena Barinková 
520 |a Proces uplatňovania vnútorného predpisu VŠ v praxi, ktorý upravuje zásady výberového konania na obsadzovanie pracovných miest VŠ učiteľov. Poskytnutie legislatívneho námetu na skvalitnenie dotknutej právnej úpravy tak, aby prispela ku vyváženosti subjektívnych práv oboch zmluvných partnerov právneho vzťahu pri výkone závislej práce učiteľa, ako aj ku ochrane sociálnych práv zamestnanca. Kritický pohľad na procesný postup výberového konania. 
610 2 0 |a školy vysoké 
610 2 0 |a pomer pracovný 
610 2 0 |a zmluvy pracovné 
610 2 0 |a učitelia 
610 2 0 |a predpisy pracovnoprávne 
100 1 |a Barinková, Milena